| 000 | 00720nam a2200241Ia 4500 | ||
|---|---|---|---|
| 001 | 15657 | ||
| 003 | GE_BSU | ||
| 008 | 181216s||||||||xx |||||||||||||| ||und|| | ||
| 020 | _a99940-858-2-4 | ||
| 040 | _cGE_BSU | ||
| 080 | _a821.353.1-32 | ||
| 100 | _aჩოხელი, გ. (გოდერძი, 1954-2007) | ||
| 245 | _aადამიანთა სევდა | ||
| 245 | _bმოთხრობები | ||
| 245 | _cმხ.ვ .რურუა | ||
| 260 | _aთბილისი | ||
| 260 | _bლაშარელა | ||
| 260 | _c2006 | ||
| 300 | _a199 გვ. ; 20 სმ | ||
| 653 | _aადამიანთა სევდა | ||
| 653 | _aმოთხრობები | ||
| 942 | _cBK | ||
| 999 |
_c48756 _d48756 |
||